[Event "Aktobe Dvorkovich op-A"]
[Site "Aktobe"]
[Date "2025.06.27"]
[Round "6"]
[White "Zemlyanskii, Ivan"]
[Black "Urazayev, Arystanbek"]
[Result "1/2-1/2"]
[WhiteElo "2585"]
[BlackElo "2490"]
[PlyCount "101"]
[EventDate "2025.06.22"]
[EventType "swiss"]
[EventRounds "9"]
[EventCountry "KAZ"]
[SourceTitle "CB27_2025"]
[SourceDate "2025.07.02"]
[SourceVersion "1"]
[SourceVersionDate "2025.07.02"]
[SourceQuality "1"]

1. d4 Nf6 2. c4 e6 3. Nc3 Bb4 4. e3 0-0 5. Bd3 d5 6. a3 dxc4 7. Bxc4 Bd6 8. Nf3 Nc6 9. e4 e5 10. d5 Ne7 11. 0-0 a6 12. a4 Ng6 13. h3 Bc5 14. Re1 h6 15. Be3 Bxe3 16. Rxe3 Ne8 17. Bf1 Nd6 18. a5 Qe7 19. g3 Bd7 20. Qb3 Kh8 21. Qb4 Rac8 22. Rae1 Rfe8 23. Rc1 Nf8 24. Na4 Bb5 25. Bxb5 axb5 26. Nc5 b6 27. Nb3 Ng6 28. Rec3 bxa5 29. Nxa5 Qd7 30. Kg2 f5 31. exf5 Qxf5 32. Qg4 Qf6 33. Nc6 e4 34. Nfd4 Ne5 35. Nxe5 Rxe5 36. Rxc7 Rxc7 37. Rxc7 Rxd5 38. Ne2 Rd2 39. b4 e3 40. Qf3 Qxf3+ 41. Kxf3 exf2 42. Kxf2 Rb2 43. Kf3 Rxb4 44. Nf4 Rc4 45. Rd7 Rc3+ 46. Kg2 Ne4 47. Nh5 g6 48. Rd8+ Kh7 49. Rd7+ Kh8 50. Rd8+ Kh7 51. Rd7+ 1/2-1/2

[Event "Aktobe Dvorkovich op-A"]
[Site "Aktobe"]
[Date "2025.06.26"]
[Round "5"]
[White "Agibileg, Uurtsaikh"]
[Black "Zemlyanskii, Ivan"]
[Result "0-1"]
[WhiteElo "2384"]
[BlackElo "2585"]
[PlyCount "138"]
[EventDate "2025.06.22"]
[EventType "swiss"]
[EventRounds "9"]
[EventCountry "KAZ"]
[SourceTitle "CB27_2025"]
[SourceDate "2025.07.02"]
[SourceVersion "1"]
[SourceVersionDate "2025.07.02"]
[SourceQuality "1"]

1. d4 Nf6 2. c4 e6 3. Nc3 Bb4 4. e3 0-0 5. Bd3 c5 6. Nge2 cxd4 7. exd4 d5 8. cxd5 Qxd5 9. 0-0 Qh5 10. Ne4 Nxe4 11. Bxe4 Rd8 12. a3 Bd6 13. Bf4 Bxf4 14. Nxf4 Qg5 15. Qf3 Nc6 16. Bxc6 bxc6 17. Rfd1 Bb7 18. Rac1 Rd6 19. Rc5 Qf6 20. Qe3 g6 21. Nh5 Qe7 22. Ng3 Rad8 23. Ne4 Rd5 24. f4 f6 25. Nc3 R5d6 26. b4 Kg7 27. Ne4 Rd5 28. Rd2 Qd7 29. Rxd5 Qxd5 30. Nc5 Bc8 31. Rd3 h6 32. h4 Kf7 33. Kf2 Qh5 34. g3 Rd5 35. Qf3 Qxf3+ 36. Kxf3 g5 37. hxg5 hxg5 38. Ke4 gxf4 39. gxf4 Rh5 40. Rg3 Rh1 41. Kd3 Rf1 42. Rh3 Kg7 43. Ke3 Ra1 44. Ke4 Re1+ 45. Re3 Rc1 46. Nb3 Rc2 47. Nc5 Rc1 48. a4 Kg6 49. b5 cxb5 50. axb5 Ra1 51. Re2 a6 52. f5+ exf5+ 53. Kf4 Rf1+ 54. Kg3 f4+ 55. Kg2 f3+ 56. Kxf1 fxe2+ 57. Kxe2 axb5 58. Kd3 f5 59. d5 f4 60. d6 Bf5+ 61. Ke2 Bg4+ 62. Kd3 Kf6 63. Ke4 f3 64. Kf4 Bh5 65. Ke3 b4 66. Kd4 Be8 67. d7 Bxd7 68. Nxd7+ Kg7 69. Nf6 Kxf6 0-1

[Event "Dubai op-A 25th"]
[Site "Dubai"]
[Date "2025.05.27"]
[Round "1"]
[White "Shyam, Nikil P"]
[Black "Zemlyanskii, Ivan"]
[Result "1/2-1/2"]
[WhiteElo "2430"]
[BlackElo "2563"]
[PlyCount "126"]
[EventDate "2025.05.27"]
[EventType "swiss"]
[EventRounds "9"]
[EventCountry "UAE"]
[SourceTitle "CB23_2025"]
[SourceDate "2025.06.04"]
[SourceVersion "1"]
[SourceVersionDate "2025.06.04"]
[SourceQuality "1"]

1. e4 c5 2. Nf3 d6 3. Nc3 Nf6 4. d4 cxd4 5. Nxd4 g6 6. Be3 Bg7 7. Bc4 0-0 8. f3 Nc6 9. Qd2 Nxd4 10. Bxd4 Be6 11. Bb3 Qa5 12. 0-0 Nd7 13. Rad1 Rfc8 14. Nd5 Bxd4+ 15. Qxd4 Bxd5 16. exd5 Qc5 17. Rfe1 Kf8 18. Re3 Qxd4 19. Rxd4 Rc7 20. c3 b5 21. Rb4 a6 22. a3 Nb6 23. Kf2 Rc5 24. Rd4 Rb8 25. Re2 a5 26. Ke3 Nd7 27. Kd2 Rc7 28. Re1 Ne5 29. f4 Nd7 30. g4 Rcb7 31. Ra1 h6 32. h4 Kg7 33. Bc2 g5 34. hxg5 hxg5 35. Rh1 Rh8 36. Rxh8 Kxh8 37. fxg5 Ne5 38. Kc1 Kg7 39. b3 Nf3 40. Rf4 Nxg5 41. Kb2 Rc7 42. b4 axb4 43. axb4 e5 44. dxe6 fxe6 45. Bd3 Rb7 46. Rf1 Nf7 47. Rh1 Kf6 48. Rh7 Rb6 49. Kc2 d5 50. Rh5 Rb8 51. Kd2 Rg8 52. Bxb5 Rxg4 53. Be2 Rg2 54. Ke3 Nd6 55. Bf3 Nc4+ 56. Kd4 Rd2+ 57. Kc5 Ne5 58. Rh3 Nd3+ 59. Kd6 Nf4 60. Rh4 e5 61. b5 Kg5 62. Rg4+ Kf5 63. Rg8 Rb2 1/2-1/2

[Event "Sharjah Masters-A 8th"]
[Site "Sharjah"]
[Date "2025.05.17"]
[Round "1"]
[White "Zemlyanskii, Ivan"]
[Black "Injac, Teodora"]
[Result "1-0"]
[WhiteElo "2563"]
[BlackElo "2474"]
[PlyCount "99"]
[EventDate "2025.05.17"]
[EventType "swiss"]
[EventRounds "9"]
[EventCountry "UAE"]
[SourceTitle "CB22_2025"]
[SourceDate "2025.05.28"]
[SourceVersion "1"]
[SourceVersionDate "2025.05.28"]
[SourceQuality "1"]

1. d4 Nf6 2. c4 e6 3. Nc3 Bb4 4. e3 b6 5. Bd3 Bb7 6. Nf3 c5 7. 0-0 0-0 8. Na4 cxd4 9. exd4 Re8 10. a3 Bf8 11. b4 d6 12. Be3 Nbd7 13. Be2 Ne4 14. Rc1 Rc8 15. Qb3 Rc7 16. Rfd1 Qa8 17. Ne1 g6 18. f3 Nef6 19. Nc3 a6 20. Nd3 Bg7 21. a4 Nh5 22. Qa2 Qd8 23. Nf2 f5 24. Nh3 h6 25. a5 Kh7 26. axb6 Nxb6 27. c5 Nd5 28. Nxd5 exd5 29. Bf2 dxc5 30. dxc5 Qf6 31. Bd3 d4 32. Qd2 Rd7 33. Ra1 Qc6 34. Ra5 Qd5 35. Rc1 Bc6 36. Bc4 Qe5 37. Rxa6 Qc7 38. b5 Bd5 39. c6 Rd6 40. Bxd5 Rxd5 41. b6 Qd6 42. b7 Rc5 43. Rxc5 Qxc5 44. Ra8 Qxc6 45. b8Q Qxa8 46. Qxa8 Rxa8 47. g4 fxg4 48. fxg4 Nf6 49. Bxd4 Ra4 50. Bxf6 1-0

[Event "Asia-ch Blitz"]
[Site "Al Ain"]
[Date "2025.05.10"]
[Round "3"]
[White "Zemlyanskii, Ivan"]
[Black "Shubin, Kirill"]
[Result "1-0"]
[WhiteElo "2563"]
[BlackElo "2443"]
[PlyCount "91"]
[EventDate "2025.05.10"]
[EventType "swiss (blitz)"]
[EventRounds "9"]
[EventCountry "UAE"]
[SourceTitle "CB20_2025"]
[SourceDate "2025.05.14"]
[SourceVersion "1"]
[SourceVersionDate "2025.05.14"]
[SourceQuality "1"]

1. d4 e6 2. c4 Nf6 3. Bf4 Bb4+ 4. Nd2 b6 5. a3 Bxd2+ 6. Qxd2 Bb7 7. e3 d6 8. Bg5 Nbd7 9. Ne2 e5 10. Nc3 0-0 11. d5 a5 12. Qc2 Nc5 13. b3 Bc8 14. Be2 h6 15. Bh4 g5 16. Bg3 Bg4 17. f3 Bh5 18. e4 a4 19. b4 Nb3 20. Rd1 Nd4 21. Qb2 Nxe2 22. Nxe2 Qd7 23. Qd2 Kg7 24. Bf2 g4 25. Ng3 Bg6 26. Be3 Rh8 27. Qe2 h5 28. h4 Rab8 29. Bg5 Nh7 30. Bd2 Nf6 31. Bc3 c6 32. 0-0 cxd5 33. exd5 gxf3 34. Qxf3 Ng4 35. Rde1 Rhf8 36. c5 bxc5 37. bxc5 Qa7 38. Kh1 Qxc5 39. Bb4 Qc7 40. Nf5+ Bxf5 41. Qxf5 Qe7 42. Qxh5 Nh6 43. Re3 Rh8 44. Rg3+ Kf8 45. Rgf3 Rb7 46. Rf6 1-0

[Event "RUS-chT 32nd"]
[Site "Sochi"]
[Date "2025.04.28"]
[Round "3.1"]
[White "Zemlyanskii, Ivan"]
[Black "Najer, Evgeniy"]
[Result "1-0"]
[WhiteElo "2563"]
[BlackElo "2623"]
[PlyCount "73"]
[EventDate "2025.04.26"]
[EventType "team-swiss"]
[EventRounds "9"]
[EventCountry "RUS"]
[SourceTitle "CB19_2025"]
[SourceDate "2025.05.07"]
[SourceVersion "1"]
[SourceVersionDate "2025.05.07"]
[SourceQuality "1"]
[WhiteTeam "Moscow Region"]
[BlackTeam "Moscow Sbornaya"]
[WhiteTeamCountry "RUS"]
[BlackTeamCountry "RUS"]

1. e4 e5 2. Nf3 Nc6 3. Bb5 Bc5 4. c3 Nge7 5. 0-0 Ng6 6. d4 Bb6 7. a4 exd4 8. cxd4 Nce7 9. h4 c6 10. Bd3 Bc7 11. Re1 d5 12. exd5 cxd5 13. h5 Nf4 14. Bb5+ Bd7 15. Ne5 Bxe5 16. Rxe5 Ne6 17. Bf1 Qb6 18. Nc3 Bc6 19. b4 Qxd4 20. Qxd4 Nxd4 21. b5 f6 22. Re1 Nc2 23. Ba3 0-0 24. bxc6 bxc6 25. Reb1 Nxa1 26. Bxe7 Rfe8 27. Bc5 Nc2 28. Rc1 Ne1 29. Be2 d4 30. Bxd4 Red8 31. Be3 Nd3 32. Rb1 Rd7 33. a5 f5 34. g3 Rf8 35. a6 f4 36. gxf4 Nxf4 37. Bc4+ 1-0

[Event "RUS-chT 32nd"]
[Site "Sochi"]
[Date "2025.04.27"]
[Round "2.1"]
[White "Lazavik, Denis"]
[Black "Zemlyanskii, Ivan"]
[Result "1-0"]
[WhiteElo "2577"]
[BlackElo "2563"]
[PlyCount "63"]
[EventDate "2025.04.26"]
[EventType "team-swiss"]
[EventRounds "9"]
[EventCountry "RUS"]
[SourceTitle "CB19_2025"]
[SourceDate "2025.05.07"]
[SourceVersion "1"]
[SourceVersionDate "2025.05.07"]
[SourceQuality "1"]
[WhiteTeam "Belarus"]
[BlackTeam "Moscow Region"]
[WhiteTeamCountry "BLR"]
[BlackTeamCountry "RUS"]

1. Nf3 Nf6 2. c4 g6 3. Nc3 d5 4. cxd5 Nxd5 5. h4 Bg7 6. h5 Nc6 7. g3 Bg4 8. h6 Bxc3 9. dxc3 Bxf3 10. exf3 Qd6 11. Be2 0-0-0 12. Kf1 Rhg8 13. Qc2 f5 14. Bg5 f4 15. Qe4 fxg3 16. Rd1 Rgf8 17. fxg3 Rf5 18. f4 Qc5 19. Ke1 Kb8 20. g4 Rff8 21. Qc4 Qa5 22. b4 Ndxb4 23. Rxd8+ Rxd8 24. cxb4 Nxb4 25. Kf2 Qb6+ 26. Kg3 Qe3+ 27. Bf3 Nd3 28. Rf1 Nc5 29. Kh3 a6 30. Qe2 Qc3 31. Bxe7 Rd2 32. Qe5 1-0

[Event "Moscow Aeroflot op-A"]
[Site "Moscow"]
[Date "2025.03.05"]
[Round "7"]
[White "Remizov, Yaroslav"]
[Black "Zemlyanskii, Ivan"]
[Result "1/2-1/2"]
[WhiteElo "2425"]
[BlackElo "2550"]
[PlyCount "81"]
[EventDate "2025.03.01"]
[EventType "swiss"]
[EventRounds "9"]
[EventCountry "RUS"]
[SourceTitle "CB11_2025"]
[SourceDate "2025.03.12"]
[SourceVersion "1"]
[SourceVersionDate "2025.03.12"]
[SourceQuality "1"]

1. e4 c5 2. Nf3 d6 3. d4 cxd4 4. Nxd4 Nf6 5. Nc3 g6 6. Be3 Bg7 7. f3 Nc6 8. Qd2 0-0 9. 0-0-0 d5 10. exd5 Nxd5 11. Nxc6 bxc6 12. Bd4 Bxd4 13. Qxd4 Qb6 14. Na4 Qc7 15. h4 Rd8 16. Bc4 Bf5 17. Bb3 Qg3 18. Rdg1 Rd6 19. Nc3 Nxc3 20. Qxc3 Rad8 21. Qe3 R8d7 22. Qg5 Qxg5+ 23. hxg5 Be6 24. Bxe6 Rxe6 25. Re1 Rd5 26. f4 Rdd6 27. Rxe6 Rxe6 28. Rd1 f6 29. gxf6 Rxf6 30. Rd4 h5 31. Ra4 e5 32. fxe5 Rf2 33. g3 Rf3 34. Rxa7 Rxg3 35. Kd2 Rg5 36. e6 Re5 37. e7 Kf7 38. a4 Rxe7 39. Rxe7+ Kxe7 40. a5 Kd6 41. b4 1/2-1/2

[Event "Moscow Aeroflot op-A"]
[Site "Moscow"]
[Date "2025.03.03"]
[Round "5"]
[White "Zemlyanskii, Ivan"]
[Black "Hakobyan, Aram"]
[Result "0-1"]
[WhiteElo "2550"]
[BlackElo "2635"]
[PlyCount "144"]
[EventDate "2025.03.01"]
[EventType "swiss"]
[EventRounds "9"]
[EventCountry "RUS"]
[SourceTitle "CB11_2025"]
[SourceDate "2025.03.12"]
[SourceVersion "1"]
[SourceVersionDate "2025.03.12"]
[SourceQuality "1"]

1. e4 e6 2. d4 d5 3. e5 c5 4. c3 Nc6 5. Nf3 Bd7 6. Be2 Nge7 7. 0-0 Ng6 8. Be3 Be7 9. Nbd2 0-0 10. a3 cxd4 11. cxd4 a5 12. Rc1 a4 13. Re1 b5 14. h4 Nxh4 15. Nxh4 Bxh4 16. Bd3 f5 17. exf6 Bxf6 18. Nf3 Rb8 19. Bb1 Rc8 20. Qd3 g6 21. Bh6 Rf7 22. Qe3 Qb6 23. Red1 b4 24. Rd2 b3 25. Rd3 Re8 26. Bf4 Bg7 27. Ne5 Nxe5 28. Bxe5 Bxe5 29. Qxe5 Qb8 30. Qe1 e5 31. dxe5 Rxe5 32. Qd2 Rh5 33. Rg3 Qb6 34. Qe3 Qf6 35. Rf3 Qe5 36. Qxe5 Rxe5 37. Re3 Rxe3 38. fxe3 Bb5 39. Rd1 Be2 40. Re1 Bc4 41. e4 d4 42. e5 d3 43. e6 Re7 44. Rd1 Rxe6 45. Bxd3 Bxd3 46. Rxd3 Re1+ 47. Kh2 Re4 48. Kg3 Rc4 49. Rd7 h5 50. Ra7 Kf8 51. Kh3 Rg4 52. Kh2 Ke8 53. Kg1 Kd8 54. Kh1 Rc4 55. Kh2 Kc8 56. Rg7 Rc2 57. Rxg6 Kb7 58. Rf6 Rxb2 59. Rf4 Ra2 60. Rxa4 Kc6 61. Rc4+ Kd5 62. Rh4 Rxa3 63. Rxh5+ Kc4 64. Rh4+ Kc3 65. Rh3+ Kc2 66. Rf3 Ra1 67. Rf2+ Kc3 68. Rf3+ Kb4 69. Rf4+ Ka3 70. Rf3 Ka2 71. g4 b2 72. Rf2 Kb3 0-1

[Event "Tashkent Al Beruniy-B 2nd"]
[Site "Tashkent"]
[Date "2025.02.08"]
[Round "6"]
[White "Paravyan, David"]
[Black "Zemlyanskii, Ivan"]
[Result "0-1"]
[WhiteElo "2621"]
[BlackElo "2554"]
[PlyCount "112"]
[EventDate "2025.02.03"]
[EventType "tourn"]
[EventRounds "9"]
[EventCountry "UZB"]
[EventCategory "12"]
[SourceTitle "CB07_2025"]
[SourceDate "2025.02.12"]
[SourceVersion "1"]
[SourceVersionDate "2025.02.12"]
[SourceQuality "1"]

1. e4 e5 2. Nf3 Nc6 3. Bc4 Nf6 4. d3 Be7 5. Bb5 d6 6. c3 0-0 7. 0-0 a6 8. Ba4 b5 9. Bc2 Bb7 10. Re1 d5 11. Nbd2 Bc5 12. d4 exd4 13. Nb3 Bb6 14. e5 Ne4 15. cxd4 f6 16. Be3 Qe7 17. Rc1 Rad8 18. exf6 Qxf6 19. Bb1 Bc8 20. Ne5 Ne7 21. f3 Nd6 22. Nc5 Nc4 23. b4 Bxc5 24. bxc5 Bf5 25. Bxf5 Qxf5 26. Bf2 Ng6 27. Nxg6 Qxg6 28. Re7 Rf7 29. Qe2 Na5 30. Re1 Nc6 31. Re8+ Rxe8 32. Qxe8+ Rf8 33. Qd7 Nb4 34. Bg3 h6 35. a3 Nc2 36. Qxd5+ Qf7 37. Qxf7+ Kxf7 38. Rd1 Ne3 39. Re1 Nc2 40. Rd1 Ne3 41. Rc1 c6 42. Kf2 Nd5 43. Be5 a5 44. h4 a4 45. h5 Ra8 46. Ke2 b4 47. axb4 a3 48. b5 cxb5 49. Kd2 a2 50. Ra1 b4 51. Kc2 Ra3 52. c6 Ne3+ 53. Kc1 Nc4 54. c7 Rc3+ 55. Kd1 b3 56. c8Q Nb2+ 0-1

[Event "Tashkent Al Beruniy-B 2nd"]
[Site "Tashkent"]
[Date "2025.02.03"]
[Round "1"]
[White "Zemlyanskii, Ivan"]
[Black "Suyarov, Mukhammadzokhid"]
[Result "1-0"]
[WhiteElo "2554"]
[BlackElo "2465"]
[PlyCount "55"]
[EventDate "2025.02.03"]
[EventType "tourn"]
[EventRounds "9"]
[EventCountry "UZB"]
[EventCategory "12"]
[SourceTitle "CB07_2025"]
[SourceDate "2025.02.12"]
[SourceVersion "1"]
[SourceVersionDate "2025.02.12"]
[SourceQuality "1"]

1. e4 e5 2. Bc4 Nf6 3. d3 c6 4. Nf3 d5 5. Bb3 a5 6. Nc3 Bb4 7. a3 Bxc3+ 8. bxc3 a4 9. Ba2 dxe4 10. Nxe5 0-0 11. 0-0 Nbd7 12. Nxf7 Rxf7 13. Bxf7+ Kxf7 14. dxe4 Qe7 15. Re1 Ne5 16. Be3 Bg4 17. f3 Be6 18. f4 Rd8 19. Bd4 Bg4 20. Qd2 Nc4 21. Qd3 b5 22. e5 Ng8 23. Qxh7 c5 24. e6+ Kf8 25. Bf2 Rd2 26. h3 Be2 27. f5 Nh6 28. f6 1-0

[Event "Wch Blitz"]
[Site "New York"]
[Date "2024.12.30"]
[Round "10"]
[White "Indjic, Aleksandar"]
[Black "Zemlyanskii, Ivan"]
[Result "1/2-1/2"]
[WhiteElo "2647"]
[BlackElo "2543"]
[PlyCount "149"]
[EventDate "2024.12.30"]
[EventType "swiss (blitz)"]
[EventRounds "13"]
[EventCountry "USA"]
[SourceTitle "CB01_2025"]
[SourceDate "2025.01.01"]
[SourceVersion "1"]
[SourceVersionDate "2025.01.01"]
[SourceQuality "1"]

1. Nf3 Nf6 2. c4 g6 3. Nc3 d5 4. cxd5 Nxd5 5. h4 Bg7 6. e4 Nxc3 7. dxc3 Qxd1+ 8. Kxd1 Nd7 9. Bf4 e5 10. Bg3 h5 11. Kc2 f6 12. Nd2 Bh6 13. f3 Nf8 14. a4 Be6 15. Nc4 a5 16. Be2 Bf7 17. Rhd1 Ne6 18. Bf2 Nf4 19. Bf1 Nxg2 20. Nxa5 Be3 21. Nxb7 Bxf2 22. Bxg2 Ke7 23. b4 Rhb8 24. Rd2 Bb6 25. Nc5 Bxc5 26. bxc5 Bb3+ 27. Kc1 Bxa4 28. Rda2 Bc6 29. Ra7 Rxa7 30. Rxa7 Rb7 31. Ra6 Bb5 32. Ra8 Be2 33. Rg8 Kf7 34. Rc8 Ba6 35. Ra8 Bc4 36. Bh3 Rb5 37. c6 Rc5 38. Bd7 Bb5 39. Rc8 Ke7 40. Rxc7 Kd6 41. Rb7 Bxc6 42. Bxc6 Rxc3+ 43. Kd2 Kxc6 44. Rg7 Rxf3 45. Rxg6 Kc5 46. Ke2 Rh3 47. Rxf6 Kd4 48. Ra6 Kxe4 49. Ra4+ Kf5 50. Kf2 Rd3 51. Ra8 Kg4 52. Re8 Rd5 53. Rg8+ Kxh4 54. Ke3 Rd1 55. Kf2 Rd4 56. Re8 Rf4+ 57. Kg2 Rf5 58. Kh2 Kg4 59. Kg2 Kf4 60. Kf2 e4 61. Rh8 Re5 62. Rf8+ Rf5 63. Rh8 Ke5+ 64. Ke2 Rg5 65. Ke3 Rg3+ 66. Ke2 Rg5 67. Ke3 Rg3+ 68. Ke2 Rh3 69. Re8+ Kf4 70. Rf8+ Kg4 71. Rg8+ Kh4 72. Re8 e3 73. Re4+ Kg5 74. Rxe3 Rh2+ 75. Kf1 1/2-1/2

[Event "Wch Blitz"]
[Site "New York"]
[Date "2024.12.30"]
[Round "6"]
[White "Murzin, Volodar"]
[Black "Zemlyanskii, Ivan"]
[Result "1-0"]
[WhiteElo "2664"]
[BlackElo "2543"]
[PlyCount "91"]
[EventDate "2024.12.30"]
[EventType "swiss (blitz)"]
[EventRounds "13"]
[EventCountry "USA"]
[SourceTitle "CB01_2025"]
[SourceDate "2025.01.01"]
[SourceVersion "1"]
[SourceVersionDate "2025.01.01"]
[SourceQuality "1"]

1. d4 Nf6 2. Nf3 g6 3. Nc3 d5 4. Bf4 Bg7 5. Qd2 0-0 6. Bh6 Ne4 7. Qe3 Nf6 8. Bxg7 Kxg7 9. Ne5 c5 10. 0-0-0 c4 11. h4 h5 12. f3 Nc6 13. g4 hxg4 14. h5 Rh8 15. Bg2 gxh5 16. fxg4 Nxe5 17. dxe5 Nxg4 18. Qg5+ Kf8 19. Bxd5 Qb6 20. Bxc4 Be6 21. Bxe6 Qxe6 22. Rxh5 Rxh5 23. Qxh5 Qh6+ 24. Qxh6+ Nxh6 25. Rd7 Rb8 26. Ne4 Ng4 27. e6 fxe6 28. Nc5 Kf7 29. Rxb7 Rc8 30. Nd3 Ne3 31. c3 a5 32. Ra7 Rh8 33. Ne5+ Kf6 34. Rxa5 Rh1+ 35. Kd2 Nf1+ 36. Kc2 Ne3+ 37. Kd3 Nd5 38. Nf3 Rb1 39. Rb5 Ra1 40. a3 Nf4+ 41. Ke3 Nd5+ 42. Kd2 Nf4 43. c4 Ng6 44. c5 e5 45. c6 Ke6 46. Rc5 1-0